000 00777nas a2200253 4500
001 BR0702909
003 BR-BrBNA
005 20231205110824.0
007 ta
008 230509b bl.|||p| |||| 00| 00por d
040 _aBR-BrBNA
_bpor
_cBiblioteca Nacional de Agricultura
041 _a(Pt)
072 _aE72; E16
100 1 _aMoreira, R.S.
245 1 _aArroz - perspectivas da produção brasileira
650 _aARROZ
650 _aCOMÉRCIO INTERNO
650 _aIMPORTAÇÃO
650 _aPREÇO
773 0 _tRevista de Política Agrícola (Brazil)
_xISSN 1413-4969
_g(Oct-Dec 1998), v. 7(4) p. 29-32
_wBR0702909
856 4 _uRev_Pol_Agr_v7_n4-1998.pdf#page=30
_yRecurso eletrônico (PDF)
909 _a202311
_bLúcia
_c55
_dLúcia Elande
942 _2AGRIS
_n0
_cANA
999 _c189248
_d189248